[Event "SportAccord Basque Women 2013"]
[Site "Beijing CHN"]
[Date "2013.12.18"]
[Round "5.1"]
[White "Gunina,V"]
[Black "Hou Yifan"]
[Result "1-0"]
[WhiteElo "2509"]
[BlackElo "2629"]

1.d4 e6 2.c4 Nf6 3.Nf3 b6 4.g3 Bb4+ 5.Bd2 c5 6.Bxb4 cxb4 7.Bg2 Bb7 8.Qd3 O-O
9.Nbd2 d6 10.O-O Nc6 11.d5 Ne7 12.dxe6 fxe6 13.Ng5 Bxg2 14.Kxg2 Qd7 15.Nde4 Nf5
16.Rad1 Rad8 17.Nxf6+ gxf6 18.Nf3 Qf7 19.Qb3 a5 20.a3 bxa3 21.bxa3 e5 22.e4 Ng7
23.Rd5 f5 24.Qxb6 fxe4 25.Nxe5 Qf6 26.Nc6 Rde8 27.Nd4 e3 28.Rxd6 Qf7 29.f4 Qxc4
30.Qb3 Qxb3 31.Nxb3 Nf5 32.Rd3 a4 33.Nc1 Rb8 34.Ne2 Rfc8 35.Kf3 Rc2 36.Rd5 Rbb2
37.Re1 Ne7 38.Rd4 Nf5 39.Rxa4 Kf7 40.Re4 Ra2 41.Re5 Kg6 42.Rxf5 Kxf5 43.Nd4+ Kf6
44.Nxc2 Rxc2 45.Re2 Rc3 46.Rxe3 Rc2 47.h3 Rc1 48.g4 Rf1+ 49.Ke4 Rc1 50.Rb3 Rc4+
51.Kf3 Rc1 52.g5+ Kf5 53.Rb5+ Kg6 54.Rb6+ Kg7 55.Ra6 Rf1+ 56.Kg4 Rb1 57.a4 Ra1
58.Kf5 Ra3 59.Ra7+ Kg8  1-0

[Event "SportAccord Basque Women 2013"]
[Site "Beijing CHN"]
[Date "2013.12.18"]
[Round "5.2"]
[White "Hou Yifan"]
[Black "Gunina,V"]
[Result "1-0"]
[WhiteElo "2629"]
[BlackElo "2509"]

1.e4 c6 2.d4 d5 3.Nc3 dxe4 4.Nxe4 Bf5 5.Ng3 Bg6 6.h4 h6 7.Nf3 Nd7 8.h5 Bh7
9.Bd3 Bxd3 10.Qxd3 e6 11.Bd2 Ngf6 12.O-O-O Be7 13.Kb1 O-O 14.Ne4 Nxe4 15.Qxe4 Nf6
16.Qe2 Qd5 17.Ne5 Qe4 18.Qxe4 Nxe4 19.Be1 Rfd8 20.f3 Nf6 21.Bf2 Rac8 22.g4 Nd7
23.Nd3 Nb6 24.c3 Bd6 25.Be3 f6 26.Rhe1 Kf7 27.Kc2 Nd5 28.Bc1 b5 29.Re4 a5
30.Rde1 Re8 31.a3 a4 32.Bd2 Re7 33.R4e2 Rce8 34.f4 Rg8 35.g5 g6 36.gxf6 Kxf6
37.Rh1 Rh7 38.Rg2 Rhg7 39.Ne5 gxh5 40.Rxg7 Rxg7 41.Rxh5 Rg2 42.Rxh6+ Kf5
43.Kd3 Rg3+ 44.Kc2 Rg2 45.Kd1 Rg1+ 46.Ke2 Rg2+ 47.Ke1 c5 48.Nf3 Ke4 49.Nh4 Rxd2
50.Rxe6+ Kd3 51.Rxd6 Re2+ 52.Kf1 Ne3+ 53.Kg1 c4 54.f5 Rxb2 55.f6 Rb1+ 56.Kh2 Rf1
57.Kg3 Kxc3 58.Re6 Nd5 59.Nf3 Nxf6 60.Rxf6 b4 61.axb4 a3 62.Ra6 Kxb4 63.Nd2 Rd1
64.Rb6+ Kc3 65.Nb1+ Kxd4 66.Rd6+ Kc5 67.Rxd1 Kb4 68.Nxa3 Kxa3 69.Kf3 Kb2
70.Ke2 Kc2 71.Rd8  1-0

[Event "ch-CHN 2014"]
[Site "Xinghua CHN"]
[Date "2014.03.19"]
[Round "8.4"]
[White "Lin Chen"]
[Black "Hou Yifan"]
[Result "1/2-1/2"]
[WhiteElo "2475"]
[BlackElo "2629"]

1.e4 c5 2.Nf3 e6 3.g3 Nc6 4.Bg2 Nf6 5.Qe2 e5 6.d3 Be7 7.O-O d6 8.c3 O-O 9.a4 Re8
10.Na3 h6 11.Nc4 Bf8 12.Re1 Be6 13.Bd2 Rc8 14.Ne3 Na5 15.c4 g6 16.Nd5 Nxd5
17.cxd5 Bd7 18.Qd1 c4 19.Bf1 Nb3 20.Ra3 Nxd2 21.Qxd2 cxd3 22.Bxd3 h5 23.h4 a6
24.a5 Qf6 25.Be2 Bg4 26.Rc1 Qe7 27.Rac3 Qd7 28.Kg2 Be7 29.Ng1 Rxc3 30.Qxc3 Rc8
31.Qxc8+ Qxc8 32.Rxc8+ Bxc8 33.Nf3 Kf8 34.Nd2 Bd7 35.Nc4 Bb5 36.Kf1 Ke8 37.Nb6 g5
38.Bxb5+ axb5 39.Nc8 gxh4 40.Nxe7 Kxe7 41.gxh4 Kd7 42.Ke2 Kc7 43.Kd3 Kb8
44.b4 Kc7  1/2-1/2

[Event "ch-CHN 2014"]
[Site "Xinghua CHN"]
[Date "2014.03.20"]
[Round "9.3"]
[White "Hou Yifan"]
[Black "Yu Yangyi"]
[Result "1/2-1/2"]
[WhiteElo "2629"]
[BlackElo "2664"]

1.e4 c6 2.Nc3 d5 3.Nf3 Bg4 4.h3 Bxf3 5.Qxf3 e6 6.d4 Nf6 7.Bd3 dxe4 8.Nxe4 Nxe4
9.Qxe4 Nd7 10.Bf4 Nf6 11.Qe5 Qd5 12.Qc7 Qd7 13.Qxd7+ Kxd7 14.c4 Bd6 15.Be3 Rhd8
16.g4 Ke8 17.Ke2 e5 18.Rad1 h6 19.Kf3 Kf8 20.Bc2 exd4 21.Bxd4 Nd7 22.Rhe1 Bb4
23.Re4 Nc5 24.Re3 Ne6 25.Red3 Nxd4+ 26.Rxd4 Ke7 27.Re4+ Kf8 28.Red4 Ke7 29.Rxd8 Rxd8
30.Rxd8 Kxd8 31.Ke4  1/2-1/2

[Event "ch-CHN 2014"]
[Site "Xinghua CHN"]
[Date "2014.03.21"]
[Round "10.5"]
[White "Zeng Chongsheng"]
[Black "Hou Yifan"]
[Result "1/2-1/2"]
[WhiteElo "2520"]
[BlackElo "2629"]

1.b3 e5 2.Bb2 Nc6 3.e3 Nf6 4.Bb5 Bd6 5.Bxc6 dxc6 6.d3 O-O 7.Nd2 Re8 8.Ne2 Nd7
9.O-O Nf8 10.e4 f6 11.f4 exf4 12.Nxf4 Be5 13.Bxe5 Rxe5 14.Nf3 Re8 15.Kh1 Qd6
16.Qd2 Bg4 17.Rae1 Rad8 18.h3 Bxf3 19.Rxf3 Qa3 20.Qc3 a5 21.Ref1 Re5 22.R3f2 Qb4
23.Qb2 Ng6 24.Ne2 c5 25.a3 Qb6 26.Qc3 Ne7 27.Qc4+ Qe6 28.Nf4 Qf7 29.g4 Rd6
30.Qb5 b6 31.Qc4 Rd4 32.Qxf7+ Kxf7 33.Ng2 Nc6 34.Nh4 Rd6 35.Nf5 Rde6 36.Kg2 Nd4
37.Ne3 h5 38.a4 Re8 39.c3 Ne6 40.Rf5 Rxf5 41.gxf5 Nf8 42.Nd5 Rd8 43.Rf3 Nd7
44.Kf1 c6 45.Nf4 Ne5 46.Re3 g5 47.fxg6+ Nxg6 48.Nxg6 Kxg6 49.Rg3+ Kf7 50.Ke2 Rb8
51.Ke3 Rb7 52.Kf4 Re7 53.h4 Re8 54.d4 cxd4 55.cxd4 Rd8 56.Rc3 Rxd4 57.Rxc6 b5
58.Kf5 bxa4 59.Rxf6+ Kg7 60.Rg6+ Kh7 61.bxa4 Rxa4 62.Ra6 Kg7 63.Ra7+ Kh6
64.Ra8 Ra1 65.Rh8+ Kg7 66.Rxh5 a4 67.Ke6 a3 68.Ra5 a2 69.e5 Kg6 70.Ra8 Kh5
71.Ra4 Kh6 72.Ra8 Kh5 73.Rh8+ Kg4 74.Rg8+ Kh3 75.Ra8 Kxh4 76.Rh8+ Kg3 77.Rg8+ Kf3
78.Ra8 Ke4 79.Ra4+ Kd3 80.Kd6 Kc3 81.e6  1/2-1/2

[Event "ch-CHN 2014"]
[Site "Xinghua CHN"]
[Date "2014.03.22"]
[Round "11.2"]
[White "Hou Yifan"]
[Black "Ma Qun"]
[Result "0-1"]
[WhiteElo "2629"]
[BlackElo "2606"]

1.e4 c6 2.d4 d5 3.Nd2 dxe4 4.Nxe4 Nd7 5.Ng5 Ngf6 6.Bd3 e6 7.N1f3 Bd6 8.Qe2 h6
9.Ne4 Nxe4 10.Qxe4 Qc7 11.O-O b6 12.Qg4 Kf8 13.b3 Bb7 14.Bb2 Nf6 15.Qh3 Nd5
16.g3 c5 17.dxc5 Bxc5 18.Rae1 Nf6 19.Ne5 Rd8 20.Qh4 Be7 21.Qf4 Bd6 22.Qh4 Be7
23.Qa4 Ba8 24.Re2 Bc5 25.Bb5 h5 26.Bc6 h4 27.Bxa8 Rxa8 28.g4 h3 29.Rd1 Qb7
30.Qc6 Qxc6 31.Nxc6 Rh4 32.Rd3 Nxg4 33.b4 Bxf2+ 34.Rxf2 Nxf2 35.Kxf2 a6 36.Ne5 Kg8
37.c4 Rc8 38.Bd4 Re4 39.c5 bxc5 40.bxc5 f6 41.Nc4 Rg4 42.Nd6 Rc6 43.Kf3 Rg2
44.Rb3 Rxh2 45.Rb6 Rxa2 46.Rb1 a5 47.Kg3 h2 48.Nb5 e5 49.Na7 Rc7 50.Nb5 Rb7
51.c6 Rxb5  0-1